[Event "FRA-ch Blitz Online Qual"]
[Site "Europe Echecs INT"]
[Date "2020.05.16"]
[Round "4"]
[White "Baudouin, Moise"]
[Black "Commin Humeau, Donatien"]
[Result "0-1"]
[WhiteElo "1135"]
[BlackElo "1047"]
[PlyCount "90"]
[EventDate "2020.05.16"]
[EventType "swiss (blitz)"]
[EventRounds "15"]
[EventCountry "FRA"]
[SourceTitle "CBM 196 Extra"]
[Source "ChessBase"]
[SourceDate "2020.07.31"]
[SourceVersion "1"]
[SourceVersionDate "2020.07.31"]
[SourceQuality "1"]

1. c4 c5 2. g3 Nc6 3. Bg2 d6 4. Nf3 Nf6 5. d4 cxd4 6. Nxd4 e5 7. Nxc6 bxc6 8. Bxc6+ Bd7 9. Bxa8 Qxa8 10. f3 Ng4 11. Qd5 Qxd5 12. cxd5 Nf6 13. Nc3 Be7 14. Be3 0-0 15. Bxa7 Ra8 16. Be3 Rb8 17. b3 Bd8 18. f4 Ba5 19. Bd2 Bxc3 20. Bxc3 Nxd5 21. Bb2 exf4 22. gxf4 Nxf4 23. Rg1 g6 24. Rd1 Re8 25. Rd2 Bb5 26. Kf2 Nxe2 27. Rxd6 Nxg1 28. Kxg1 Ra8 29. Kg2 h6 30. Bc3 Be8 31. a4 Rb8 32. Ba1 Rxb3 33. Rd8 Kf8 34. Be5 f5 35. Bd6+ Kf7 36. Rc8 Bxa4 37. Rc7+ Ke6 38. Bf8 Rb2+ 39. Kh3 f4 40. Re7+ Kf6 41. Ra7 f3 42. Ra6+ Kf5 43. Bxh6 f2 44. Ra5+ Kf6 45. Kg2 Bc6+ 0-1

[Event "FRA-ch Blitz Online Qual"]
[Site "Europe Echecs INT"]
[Date "2020.05.16"]
[Round "8"]
[White "Cocogne, Ludovic"]
[Black "Commin Humeau, Donatien"]
[Result "0-1"]
[WhiteElo "1924"]
[BlackElo "1047"]
[PlyCount "56"]
[EventDate "2020.05.16"]
[EventType "swiss (blitz)"]
[EventRounds "15"]
[EventCountry "FRA"]
[SourceTitle "CBM 196 Extra"]
[Source "ChessBase"]
[SourceDate "2020.07.31"]
[SourceVersion "1"]
[SourceVersionDate "2020.07.31"]
[SourceQuality "1"]

1. e4 e5 2. Bc4 Nf6 3. Nf3 Nc6 4. d3 Bc5 5. c3 0-0 6. Bb3 d5 7. Qe2 dxe4 8. dxe4 Re8 9. 0-0 Bg4 10. h3 Bh5 11. Rd1 Qe7 12. Nbd2 Rad8 13. Nf1 Na5 14. Bc2 Nc6 15. Bg5 Rxd1 16. Rxd1 Rd8 17. Ng3 Bxf3 18. Qxf3 Qe6 19. Bb3 Qe7 20. Nh5 Rxd1+ 21. Bxd1 Qd6 22. Nxf6+ gxf6 23. Bxf6 Ne7 24. Qg3+ Ng6 25. Qf3 Qd2 26. Bb3 Qe1+ 27. Kh2 Bxf2 28. Bxe5 Qg1# 0-1

[Event "FRA-ch Blitz Online Qual"]
[Site "Europe Echecs INT"]
[Date "2020.05.16"]
[Round "3"]
[White "Commin Humeau, Donatien"]
[Black "Charousset, Donovan"]
[Result "1/2-1/2"]
[WhiteElo "1047"]
[BlackElo "1204"]
[PlyCount "152"]
[EventDate "2020.05.16"]
[EventType "swiss (blitz)"]
[EventRounds "15"]
[EventCountry "FRA"]
[SourceTitle "CBM 196 Extra"]
[Source "ChessBase"]
[SourceDate "2020.07.31"]
[SourceVersion "1"]
[SourceVersionDate "2020.07.31"]
[SourceQuality "1"]

1. e4 e5 2. Nf3 Nf6 3. Nxe5 d6 4. Nf3 Nxe4 5. Nc3 Nxc3 6. dxc3 Qe7+ 7. Be3 Bg4 8. Be2 Bxf3 9. Bxf3 Nc6 10. Qd2 g6 11. 0-0-0 0-0-0 12. Rhe1 Qd7 13. h3 f5 14. g4 Ne5 15. Be2 fxg4 16. Bxg4 Nxg4 17. hxg4 Bg7 18. g5 Rde8 19. f4 Re7 20. Bd4 Rf8 21. Rxe7 Qxe7 22. Re1 Qd7 23. c4 Bxd4 24. Qxd4 b6 25. Qd5 Kb8 26. b3 Qc8 27. Kb2 Qb7 28. Qd4 Qf3 29. Re4 Rd8 30. Qd3 Qxd3 31. cxd3 Rf8 32. Kc3 Kb7 33. Kd2 Kc6 34. Ke3 Kd7 35. d4 a5 36. a3 Ra8 37. a4 Rf8 38. d5 Rf7 39. Kd3 Rf8 40. Re3 Rf7 41. Rh3 Re7 42. Rh1 Rf7 43. Rf1 Rf5 44. Ke4 Ke7 45. Rf2 Kd7 46. Rf1 Ke7 47. Rb1 Kd7 48. b4 axb4 49. Rxb4 Rf8 50. Rb1 Re8+ 51. Kd3 Rf8 52. Rf1 Rf5 53. Ke4 Ke7 54. Ra1 Kd7 55. a5 bxa5 56. Rxa5 Rf7 57. c5 dxc5 58. Rxc5 Re7+ 59. Kd3 Kd6 60. Kd4 Rf7 61. Rc6+ Kd7 62. Ke4 Re7+ 63. Kd3 Rf7 64. Ke3 Re7+ 65. Kf3 Kd8 66. d6 cxd6 67. Rxd6+ Kc7 68. Rf6 Kd7 69. f5 gxf5 70. Rxf5 Ke6 71. Kg4 Rf7 72. Rxf7 Kxf7 73. Kh5 Kg7 74. Kh4 Kg6 75. Kg4 h6 76. gxh6 Kxh6 1/2-1/2

[Event "FRA-ch Blitz Online Qual"]
[Site "Europe Echecs INT"]
[Date "2020.05.16"]
[Round "14"]
[White "Commin Humeau, Donatien"]
[Black "Nomel, Mathis"]
[Result "1-0"]
[WhiteElo "1047"]
[BlackElo "1262"]
[PlyCount "111"]
[EventDate "2020.05.16"]
[EventType "swiss (blitz)"]
[EventRounds "15"]
[EventCountry "FRA"]
[SourceTitle "CBM 196 Extra"]
[Source "ChessBase"]
[SourceDate "2020.07.31"]
[SourceVersion "1"]
[SourceVersionDate "2020.07.31"]
[SourceQuality "1"]

1. e4 c5 2. d4 cxd4 3. c3 e6 4. cxd4 d6 5. Nf3 Nf6 6. Nc3 g6 7. Bc4 d5 8. exd5 exd5 9. Bb3 Be6 10. Bg5 Bg7 11. 0-0 0-0 12. Re1 Nbd7 13. Bxd5 Qb6 14. Qb3 Nxd5 15. Nxd5 Bxd5 16. Qxd5 Nf6 17. Bxf6 Bxf6 18. b3 Rad8 19. Qc4 Bxd4 20. Nxd4 Qxd4 21. Qxd4 Rxd4 22. Re7 Rb4 23. f3 Rd8 24. Rc1 a6 25. Rcc7 Rf4 26. Kf2 Rd2+ 27. Ke3 Rdd4 28. Rxb7 Rb4 29. g3 Rxb7 30. Rxb7 Rf6 31. Ra7 Re6+ 32. Kd2 Kf8 33. a4 Kg7 34. b4 Kf6 35. b5 axb5 36. axb5 Rb6 37. Ra5 Ke5 38. Kc3 Kd5 39. Kb4 f5 40. f4 h6 41. h3 g5 42. fxg5 hxg5 43. h4 gxh4 44. gxh4 f4 45. h5 f3 46. h6 Rxh6 47. Ra1 Rf6 48. Ka5 Kc5 49. Rc1+ Kd5 50. b6 f2 51. Rf1 Rf7 52. Ka6 Kc6 53. Ka5 Rb7 54. Rxf2 Rxb6 55. Rf6+ Kc7 56. Rxb6 1-0

[Event "FRA-ch Blitz Online Qual"]
[Site "Europe Echecs INT"]
[Date "2020.05.16"]
[Round "11"]
[White "Negre, Emilie"]
[Black "Commin Humeau, Donatien"]
[Result "1-0"]
[WhiteElo "1438"]
[BlackElo "1047"]
[PlyCount "37"]
[EventDate "2020.05.16"]
[EventType "swiss (blitz)"]
[EventRounds "15"]
[EventCountry "FRA"]
[SourceTitle "CBM 196 Extra"]
[Source "ChessBase"]
[SourceDate "2020.07.31"]
[SourceVersion "1"]
[SourceVersionDate "2020.07.31"]
[SourceQuality "1"]

1. d4 d5 2. c4 e6 3. Nc3 Nf6 4. cxd5 exd5 5. Bg5 Be7 6. e3 0-0 7. Qc2 Nc6 8. a3 Nd7 9. Bxe7 Qxe7 10. Bd3 Nf6 11. Nge2 Bg4 12. f3 Bh5 13. e4 dxe4 14. fxe4 Bxe2 15. Nxe2 Rad8 16. e5 Nd5 17. Bxh7+ Kh8 18. Be4 Ne3 19. Qd3 1-0

[Event "FRA-ch Blitz Online Qual"]
[Site "Europe Echecs INT"]
[Date "2020.05.16"]
[Round "2"]
[White "Ros, David"]
[Black "Commin Humeau, Donatien"]
[Result "1-0"]
[WhiteElo "1767"]
[BlackElo "1047"]
[PlyCount "123"]
[EventDate "2020.05.16"]
[EventType "swiss (blitz)"]
[EventRounds "15"]
[EventCountry "FRA"]
[SourceTitle "CBM 196 Extra"]
[Source "ChessBase"]
[SourceDate "2020.07.31"]
[SourceVersion "1"]
[SourceVersionDate "2020.07.31"]
[SourceQuality "1"]

1. e4 e5 2. Nf3 Nc6 3. d4 exd4 4. Nxd4 Bc5 5. Nb3 Bb6 6. a4 Qf6 7. Qe2 Nd4 8. Nxd4 Bxd4 9. c3 Bc5 10. b4 Bxb4 11. Qc4 Bd6 12. Be2 Ne7 13. 0-0 0-0 14. Bb2 Ng6 15. Nd2 Be5 16. Rac1 d6 17. Qb3 Be6 18. Qc2 Nf4 19. Bf3 Qg6 20. g3 Nh3+ 21. Kh1 Qh6 22. Bg2 f5 23. f4 Bf6 24. exf5 Bd7 25. Rce1 Rae8 26. Nf3 Be7 27. c4 Bxf5 28. Qd2 Bg4 29. Nd4 Bf6 30. Nf3 Bxb2 31. Qxb2 Rxe1 32. Rxe1 Bxf3 33. Bxf3 Nf2+ 34. Qxf2 g5 35. Bd5+ Kh8 36. Qd4+ Qf6 37. Qxf6+ Rxf6 38. fxg5 Rf2 39. Bxb7 Kg7 40. Re7+ Kf8 41. Rxc7 Ra2 42. Bc6 Rc2 43. Bb5 Ra2 44. Rxa7 Ra1+ 45. Kg2 Ra2+ 46. Kh3 Rb2 47. Kg4 Re2 48. Rxh7 Re4+ 49. Kh5 Re2 50. h4 Re6 51. g4 Kg8 52. Rd7 Re4 53. a5 Rf4 54. a6 Rf8 55. Kg6 d5 56. cxd5 Rb8 57. Bc6 Rc8 58. a7 Rf8 59. a8Q Rxa8 60. Bxa8 Kf8 61. Bc6 Kg8 62. Rd8# 1-0